| 000 | 00804nam a2200205 4500 | ||
|---|---|---|---|
| 003 | OSt | ||
| 005 | 20240701083128.0 | ||
| 006 | a | ||
| 008 | 240701b |||||||| |||| 00| 0 eng d | ||
| 040 |
_aDWCL-Main lib. _cOC |
||
| 082 | _aFil. 690.24 N277m 1997 | ||
| 245 | _aNCPDP (National Construction Productivity Development Project) handbook : mechanical works for building construction / | ||
| 260 |
_aJapan : _bJapan International Cooperation Agency, _cc1997. |
||
| 300 |
_axix, _b315 p. : ill. ; _c26 cm. |
||
| 650 | _a1. Buildings, Maintenance and repair–Handbook. | ||
| 650 | _a2. Building construction–Handbook. | ||
| 650 | _a3. I. Construction Manpower Development Foundation (CMDF). | ||
| 650 | _a4. II. Japan International Cooperation Agency (JICA). | ||
| 942 |
_2ddc _n0 _cBK - FIL _kFil. |
||
| 999 |
_c1738 _d1738 |
||